| 000 | 00805nas a2200265 4500 | ||
|---|---|---|---|
| 001 | BR9901639 | ||
| 003 | BR-BrBNA | ||
| 005 | 20231205101332.0 | ||
| 007 | ta | ||
| 008 | 230509b bl.|||p| |||| 00| 00por d | ||
| 040 |
_aBR-BrBNA _bpor _cBiblioteca Nacional de Agricultura |
||
| 041 | _a(Pt) | ||
| 072 | _aP35 | ||
| 100 | 1 | _aValladares, G.S. | |
| 100 | 1 | _aPereira, M.G. | |
| 100 | 1 | _aAlves, G.C. | |
| 245 | 1 | _aAplicacao de duas isotermas de adsorcao de boro em solos de baixada do Estado do Rio de Janeiro | |
| 650 | _aBoro | ||
| 650 | _aAdsorcao | ||
| 650 | _aSolo | ||
| 650 | _aRio de Janeiro | ||
| 773 | 0 |
_tRevista Brasileira de Ciencia do Solo (Brazil) _xISSN 0100-0683 _g(Apr-Jun 1998), v. 22(2) p. 361-365 _wBR9901639 |
|
| 909 |
_a202311 _bLúcia _c55 _dLúcia Elande |
||
| 942 |
_2AGRIS _n0 _cANA |
||
| 999 |
_c161209 _d161209 |
||